ABCs in 30 seconds - Statistics

General Stats
  • This quiz has been taken 3,645 times
  • The average score is 24 of 38
Answer Stats
Hint Answer % Correct
a
98%
b
95%
e
95%
c
94%
d
94%
f
92%
g
90%
h
90%
i
89%
j
87%
k
86%
l
84%
" l
84%
o
84%
m
82%
q
82%
n
81%
p
81%
r
81%
s
78%
t
78%
u
76%
w
76%
v
72%
x
67%
y
67%
z
63%
rest of childhood song now
24%
" know
16%
" my
14%
" abcs
10%
" next
8%
" time
7%
" you
7%
" wont
6%
" sing
5%
" me
4%
" with
4%
No matching quizzes found
Score Distribution
Percent of People with Each Score
Percentile by Number Answered
Your Score History
You have not taken this quiz